000 00758nam a2200217Ia 4500
003 GCL
008 140319s9999 xx 000 0 ara d
040 _aGCL /
_cGCL
082 0 4 _a327.16
_bل ح
100 1 _aلوران، ايريك
245 1 0 _aحرب ال بوش :
_bاسرار النزاع التى لا يمكن الاعتراف بها /
_cلوران، ايريك
700 1 _aسلمان حرفوش
250 _aالاولى
260 _aبيروت :
_bدار الخيال ،
_c2003
300 _a231 ص ؛
_c20 سم
650 0 4 _aالنزاع العربى الاسرائيلى
650 0 4 _aالارهاب
650 0 4 _aجرائم ضد الانسانية
650 0 4 _aاسرائيل - العلاقات الخارجية
942 _2ddc
_cBK
999 _c6211
_d6211